Higher education
| Format: | Electronic Journal |
|---|---|
| Language: | English |
| Published: |
Amsterdam :
Elsevier Pub. Co.,
1972-
Dordrecht : Martinus Nijhoff Publishers [Dordrecht] : Kluwer Academic Publishers [Netherlands] : Springer Netherlands |
| Subjects: | |
| Online Access: | Full text available from Research Library: 01/01/1997 to 1 year ago |
MARC
| LEADER | 00000nas a2200000 a 4500 | ||
|---|---|---|---|
| 001 | ssj0002153 | ||
| 003 | WaSeSS | ||
| 005 | 20200512172242.0 | ||
| 006 | m d | ||
| 007 | cr n | ||
| 008 | 990618c19729999ne mr pss o 0 a0eng c | ||
| 010 | |a 2004233219 | ||
| 015 | |a 17,O11 |2 dnb | ||
| 016 | 7 | |a 2015566-9 |2 DE-600 | |
| 016 | 7 | |a 020474903 |2 DE-101 | |
| 016 | 7 | |a 012433160 |2 Uk | |
| 022 | |a 1573-174X |l 0018-1560 |y 0018-1560 | ||
| 030 | |a HREDAN | ||
| 035 | |a (WaSeSS)ssj0002153 | ||
| 040 | |a F#A |b eng |e pn |c F#A |d OCLCQ |d MUQ |d OCLCQ |d GUA |d OCLCQ |d OCLCS |d EYM |d GUA |d OCLCQ |d BUF |d OCLCQ |d OCLCO |d OCLCF |d OCLCO |d VT2 |d OCLCQ |d DEBBG |d GWDNB |d AU@ |d UKMGB |d NJT |d DLC |d WaSeSS | ||
| 041 | 0 | |a eng |b fre | |
| 042 | |a pcc | ||
| 050 | 0 | 0 | |a LB2300 |
| 082 | 0 | 4 | |a 378 |
| 130 | 0 | |a Higher education (Amsterdam, Netherlands : Online) | |
| 210 | 0 | |a High. educ. |b (Dordr., Online) | |
| 222 | 0 | |a Higher education |b (Dordrecht. Online) | |
| 245 | 1 | 0 | |a Higher education |h [electronic resource]. |
| 260 | |3 -1985 : |a Amsterdam : |b Elsevier Pub. Co., |c 1972- | ||
| 260 | 2 | |3 1986 : |a Dordrecht : |b Martinus Nijhoff Publishers | |
| 260 | 2 | |3 1987-2004 : |a [Dordrecht] : |b Kluwer Academic Publishers | |
| 260 | 3 | |3 2005- : |a [Netherlands] : |b Springer Netherlands | |
| 310 | |a Monthly, |b 2007- | ||
| 321 | |a Quarterly, |b 1972-1978 | ||
| 321 | |a Bimonthly, |b 1979-1989 | ||
| 321 | |a Eight no. a year, |b 1990-2006 | ||
| 362 | 0 | |a Vol. 1, no. 1 (Feb. 1972)- | |
| 500 | |a Title from table of contents (JSTOR, viewed July 28, 2006). | ||
| 500 | |a "The International Journal of Higher Education Research." | ||
| 506 | |a License restrictions may limit access. | ||
| 538 | |a Mode of access: World Wide Web. | ||
| 546 | |a Summaries in French, Feb.-Aug. 1972. | ||
| 588 | |a Latest issue consulted: Vol. 78, issue 2 (Aug. 2019) (Springer Link website, viewed Aug. 12, 2019). | ||
| 650 | 0 | |a Education, Higher |v Periodicals. | |
| 650 | 0 | |a Educational planning |v Periodicals. | |
| 650 | 6 | |a Enseignement supérieur |v Périodiques. | |
| 650 | 6 | |a Éducation |x Planification |v Périodiques. | |
| 650 | 7 | |a Education, Higher. |2 fast |0 (OCoLC)fst00903005 | |
| 650 | 7 | |a Educational planning. |2 fast |0 (OCoLC)fst00903540 | |
| 655 | 0 | |a Electronic journals. | |
| 776 | 0 | 8 | |i Print version: |t Higher education (Amsterdam, Netherlands) |x 0018-1560 |w (DLC) 72624431 |w (OCoLC)1586372 |
| 850 | |a DLC | ||
| 856 | 4 | 0 | |z Full text available from Research Library: 01/01/1997 to 1 year ago |u https://search.proquest.com/publication/54126 |